|
|
|
|
| LEADER |
00000cam a2200000 a 4500 |
| 001 |
vtls001385043 |
| 003 |
SK-MaSNL |
| 005 |
20260301161453.0 |
| 008 |
240801s1999 xo a jr 000 j slo |
| 015 |
|
|
|a SNBA2000/05-01627
|
| 020 |
|
|
|a 8071401897
|
| 035 |
|
|
|a SNK000339162
|
| 035 |
|
|
|a urn:nbn:sk:snk-amkkt2
|
| 035 |
|
|
|a urn:nbn:sk:snk-am00162b
|
| 035 |
|
|
|a E6C6237E-CEFE-450C-A70B-01A924BC526E
|
| 040 |
|
|
|a SNK
|b slo
|c SNK
|e AACR2
|
| 041 |
0 |
|
|a slo
|
| 044 |
|
|
|a xo
|c SK
|
| 072 |
|
7 |
|a 821.162.4-3
|x Slovenská próza
|2 konspekt
|
| 072 |
|
7 |
|a 821-93
|x Literatúra pre deti a mládež (beletria)
|2 konspekt
|
| 080 |
|
|
|a 885.4-3(087.5)
|2 1981
|
| 080 |
|
|
|a 821.162.4-34
|2 2011
|
| 080 |
|
|
|a 82-93-053.4/.5
|2 2011
|
| 080 |
|
|
|a 821-34
|2 2011
|
| 100 |
1 |
|
|a Dobšinský, Pavol,
|d 1828-1885
|4 aut
|9 242422
|
| 245 |
1 |
0 |
|a Tri perá z draka
|c Pavol Dobšinský
|
| 250 |
|
|
|a Prvé vydanie
|
| 260 |
|
|
|a Liptovský Mikuláš
|b Tranoscius
|c 1999
|
| 300 |
|
|
|a 14 strán
|b farebné ilustrácie
|c 24 cm
|
| 500 |
|
|
|a Ilustrácia na titulnej strane
|
| 655 |
|
7 |
|a slovenské rozprávky
|2 SNKPH
|9 70528
|
| 655 |
|
7 |
|a literatúra pre deti
|2 SNKPH
|9 87135
|
| 655 |
|
7 |
|a ľudové rozprávky
|2 SNKPH
|9 70593
|
| 700 |
1 |
|
|a Brezina, Ján,
|d 1945-
|4 ill
|9 252679
|
| 852 |
|
|
|a Slovenská národná knižnica
|
| 919 |
|
|
|a 80-7140-189-7
|
| 954 |
|
|
|a beletria pôvodná (slovenská)
|2 lita
|
| 958 |
|
|
|a LX
|
| 958 |
|
|
|a DB
|
| 999 |
|
|
|c 809573
|d 811503
|
| 952 |
|
|
|t P60, <03>, [BOOK], {603}
|a SNK
|b SNK
|y PREZ
|7 0
|p 17A0232224
|o snkSC 101084
|i snkKSP 2914/2000
|0 0
|1 0
|4 0
|d 2000-03-15
|f 1
|l 0
|r 2025-09-19 00:00:00
|w 2026-02-24
|
| 952 |
|
|
|t P60, <04>, [BOOK], {604}
|a SNK
|b SNK
|y VYP
|7 0
|p 17A0232225
|o snkSC 101084 D1
|i snkKSP 2915/2000
|0 0
|1 0
|4 0
|d 2000-03-15
|l 0
|r 2005-01-02 00:00:00
|w 2026-02-24
|